| 000 | 00688nam a22001577a 4500 | ||
|---|---|---|---|
| 008 | 240221b |||||||| |||| 00| 0 eng d | ||
| 020 | _a9789937267700 | ||
| 041 | _aNep. | ||
| 082 | _aN928.6/K425a | ||
| 100 | _aकोइराला, कमल/ Koirala, Kamal | ||
| 245 | _aअविश्रान्त यात्रीका अथक पाइलाहरुः जीवनग्रन्थ | ||
| 260 |
_aकाठमाडाैंः _bलायन्स क्लब अफ कान्तिपुर, _c२०७०वि. |
||
| 300 | _a६८४पृ.:सचित्र | ||
| 650 | _aकोइराला, रुवयनाथ- जीवनी | ||
| 942 |
_2ddc _cGEN |
||
| 999 |
_c112149 _d112137 |
||